Ganadores de la Eurocopa - Estadísticas

Estadísticas generales
  • Esta prueba ha sido intentada 131 veces
  • La puntuación promedio es 16 de 17
Estadísticas de respuestas
Sede Año Respuesta % Correcto
Inglaterra 1996 Alemania
100%
Italia 1980 Alemania Federal
100%
Bélgica 1972 Alemania Federal
100%
Alemania 2024 España
100%
Polonia y Ucrania 2012 España
100%
Austria y Suiza 2008 España
100%
España 1964 España
100%
Bélgica y Países Bajos 2000 Francia
100%
Francia 1984 Francia
100%
Europa 2020 Italia
100%
Italia 1968 Italia
100%
Francia 2016 Portugal
100%
Portugal 2004 Grecia
93%
Alemania Federal 1988 Países Bajos
92%
Francia 1960 Unión Sovietica
81%
Suecia 1992 Dinamarca
80%
Yugoslavia 1976 República Checa
58%
No se encontraron pruebas coincidentes
Distribución de puntuación
Porcentaje de gente con cada puntuación
Porcentaje por número respondido
Historial de tus puntuaciones
No has intentado esta prueba.